000 01127cam a22001814a 4500
005 20250605164355.0
008 250528s ||||||||||||||||||||||||d
035 _a24266
040 _aGR-AtMCL
_bgre
_dGR-AtMCL
_eAACR2
245 1 _aΧρήμα: Φουντώνει ο Ανταγωνισμός σε Ηλεκτρική Ενέργεια και Φυσικό Αέριο
260 _bEthos Media,
_c2020
300 _a80
520 _aRanking - Μερισματικές Αποδόσεις: Αύξηση Μερισματικών Αποδόσεων Προβλέπει η Χρηματιστηριακή Αγορά, Κρυπτονομίσματα: Το Δωδεκάχρονο Bitcoin και οι Προκλήσεις, Εταιρικά Ομόλογα: Οι Όμιλοι που Ετοιμάζονται τα 'Σηκώσουν' Πάνω από 2 δισ. Ευρώ, Απολογισμός 'Επιχειρηματικά Βραβεία Χρήμα: Οι Άριστοι του Ελληνικού Χρηματιστηρίου.
700 1 _aΟυζούνη Κωνσταντίνος
_99441
942 _cCR
999 _c9156
_d9156